| 000 | 00534nam a2200181Ia 4500 | ||
|---|---|---|---|
| 008 | 230917s9999||||xx |||||||||||||| ||und|| | ||
| 020 | _cRS 795.00 | ||
| 040 |
_e5009730 _aMAIN |
||
| 041 | _aEnglish | ||
| 082 | _a660.6024576 G469M(2) | ||
| 100 | _aGlazer, Alexander N | ||
| 245 | 0 | _aMicrobial biotechnology: Fundamentals of applied microbiology | |
| 250 | _a2nd ed. | ||
| 260 |
_aNew Delhi _bCambridge University Press _c2008 |
||
| 300 | _axvii, 554 p. | ||
| 500 | _a4580 14/10/2022 PBA22/233 18/10/2022 Main Budget | ||
| 942 | _cBK | ||
| 999 |
_c5788 _d5788 |
||